An Atlas of the Global Water Cycle (Record no. 350987)
[ view plain ]
| 000 -LEADER | |
|---|---|
| fixed length control field | 00579nam a2200133Ia 4500 |
| 008 - FIXED-LENGTH DATA ELEMENTS--GENERAL INFORMATION | |
| fixed length control field | 171212s9999 xx 000 0 und d |
| 020 ## - INTERNATIONAL STANDARD BOOK NUMBER | |
| International Standard Book Number | 9781921536885 |
| 100 ## - MAIN ENTRY--PERSONAL NAME | |
| Personal name | Lim, Wee Ho;Roderick, Michael L. |
| 245 ## - TITLE STATEMENT | |
| Statement of responsibility, etc | Lim, Wee Ho;Roderick, Michael L. |
| Title | An Atlas of the Global Water Cycle |
| Remainder of title | Based on the IPCC AR4 Climate Models |
| 260 ## - PUBLICATION, DISTRIBUTION, ETC. (IMPRINT) | |
| Name of publisher, distributor, etc | ANU E Press |
| Date of publication, distribution, etc | 2009 |
| 650 ## - SUBJECT ADDED ENTRY--TOPICAL TERM | |
| Topical term or geographic name as entry element | Aquatic Sciences |
| 650 ## - SUBJECT ADDED ENTRY--TOPICAL TERM | |
| Topical term or geographic name as entry element | Rain and rainfall -- Mathematical models; Rain and rainfall -- Maps; Water-supply -- Mathematical models; Water-supply -- Maps |
| 856 ## - ELECTRONIC LOCATION AND ACCESS | |
| Uniform Resource Identifier | <a href="www.jstor.org/stable/10.2307/j.ctt24hc08">www.jstor.org/stable/10.2307/j.ctt24hc08</a> |
| Withdrawn status | Lost status | Damaged status | Home library | Current library | Date acquired | Total Checkouts | Date last seen | Price effective from | Koha item type |
|---|---|---|---|---|---|---|---|---|---|
| College Library | College Library | 12/12/2017 | 12/12/2017 | 12/12/2017 | Curriculum - Based eBooks |